000 01223nam a2200361 i 4500
001 32313
003 KOSZ 005
005 20230124085545.0
008 120112s1995 pl a f f |000 0 pol
015 _aPB 2012/10447
020 _a8390166569
040 _aWA N
_cWA N
_dKOSZ 005/HR
046 _k1995
080 _a338.24.021.8(438)
080 _a316.422(438)
100 1 _aNasiłowski, Mieczysław
_d(1929-2004)
_eAutor
245 1 0 _aTransformacja systemowa w Polsce /
_cMieczysław Nasiłowski.
260 _aWarszawa :
_bWydawnictwo Key Text,
_c1995.
300 _a168, [1] s. :
_bil. ;
_c20 cm.
336 _2rdacontent
_aTekst
_btxt
337 _2rdamedia
_aBez urządzenia pośredniczącego
_bn
338 _2rdacarrier
_aWolumin
_bnc
380 _aKsiążki
388 _a1901-2000
388 _a1989-2000
650 4 _aTransformacja systemu społeczno-gospodarczego
651 _aPolska
658 _aGospodarka, ekonomia, finanse
658 _aPolityka, politologia, administracja publiczna
710 2 _aWydawnictwo Key Text
_4pbl.
856 _uhttp://koha.tu.koszalin.pl/cgi-bin/koha/opac-detail.pl?biblionumber=32313
_yKatalog online BPK
942 _2UKD
_cKS
999 _c32313
_d32313